|
|
|
|
| LEADER |
01172nam a2200265 u 4500 |
| 001 |
10021507 |
| 003 |
upatras |
| 005 |
20210609132034.0 |
| 008 |
990423n19771997gr p gre |
| 952 |
|
|
|0 0
|1 0
|2 ddc
|4 0
|6 889_132000000000000_ΚΑΡ
|7 0
|9 183722
|a LISP
|b LISP
|c BSC
|d 2016-04-24
|i 042606
|l 3
|m 1
|o 889.132 ΚΑΡ
|p 025000169195
|r 2025-03-28 13:10:10
|s 2025-03-12
|t 1
|w 2016-04-24
|y BK15
|
| 999 |
|
|
|c 113354
|d 113354
|
| 040 |
|
|
|a GR-PaULI
|c GR-PaULI
|b gre
|e AACR2
|
| 082 |
0 |
0 |
|a 889.132
|2 23
|
| 100 |
1 |
|
|a Καρυωτάκης, Κώστας,
|d 1896-1928
|e συγγραφέας.
|9 55305
|
| 245 |
1 |
0 |
|a Άπαντα Καρυωτάκη.
|
| 260 |
|
|
|a Αθήνα :
|b Αλμωπάς,
|c [μεταξύ 1977 και 1997]
|
| 300 |
|
|
|a 224 σ. ;
|c 21 εκ.
|
| 500 |
|
|
|a Εκδόσεις Πέλλα στο κάλυμμα.
|
| 505 |
|
|
|a Ποιήματα -- Πεζά.
|
| 650 |
|
4 |
|a Νεοελληνική λογοτεχνία
|9 320
|
| 650 |
|
4 |
|a Νεοελληνική λογοτεχνία
|9 320
|
| 650 |
|
4 |
|a Νεοελληνική ποίηση
|9 2593
|
| 852 |
|
|
|a GR-PaULI
|b ΠΑΤΡΑ
|b ΒΚΠ
|b ΒΣ2
|k ΑΣΧΕ
|h 889 ΚΑΡ
|m 042606
|p 025000169195
|t 1
|
| 942 |
|
|
|2 ddc
|c BK15
|
| 998 |
|
|
|c ΜΑΝΙΑΚΗ
|d 1999-04
|